000
00337nam a2200145Ia 4500
003
OSt
008
191201s2005 xx 000 0 und d
082
_a
005.43
_b
STU
100
_a
STEVENS, W. Richard
245
0
_a
Unix Network Programming
260
_a
New Delhi
_b
PHI
_c
2005
300
_a
772
650
_a
B.Tech(CSE)
942
_2
ddc
_c
BK
999
_c
1926
_d
1926